Vainqueurs du classement par points du Tour de France - Statistiques

Statistiques générales
  • Ce quiz a été pris 619 fois
    36 depuis la dernière actualisation
  • Le résultat moyen est 31 sur 73
Statistiques - réponses
Année Nationalité Vainqueur % Correct
2012 Slovaquie Peter Sagan
100%
2013 Slovaquie Peter Sagan
100%
2014 Slovaquie Peter Sagan
100%
2015 Slovaquie Peter Sagan
100%
2016 Slovaquie Peter Sagan
100%
2018 Slovaquie Peter Sagan
100%
2019 Slovaquie Peter Sagan
100%
2011 Royaume-Uni Mark Cavendish
94%
2021 Royaume-Uni Mark Cavendish
94%
2024 Erythrée Biniam Girmay
88%
2023 Belgique Jasper Philipsen
81%
2025 Italie Jonathan Milan
81%
1969 Belgique Eddy Merckx
78%
1971 Belgique Eddy Merckx
78%
1972 Belgique Eddy Merckx
78%
2022 Belgique Wout Van Aert
75%
2020 Irlande Sam Bennett
72%
1979 France Bernard Hinault
69%
1992 France Laurent Jalabert
69%
1995 France Laurent Jalabert
69%
2017 Australie Michael Matthews
63%
1996 Allemagne Erik Zabel
56%
1997 Allemagne Erik Zabel
56%
1998 Allemagne Erik Zabel
56%
1999 Allemagne Erik Zabel
56%
2000 Allemagne Erik Zabel
56%
2001 Allemagne Erik Zabel
56%
2005 Norvège Thor Hushovd
53%
2009 Norvège Thor Hushovd
53%
2008 Espagne Oscar Freire
44%
1982 Irlande Sean Kelly
44%
1983 Irlande Sean Kelly
44%
1985 Irlande Sean Kelly
44%
1989 Irlande Sean Kelly
44%
1991 URSS Djamolidine Abdoujaparov
41%
1993 Ouzbékistan Djamolidine Abdoujaparov
41%
1994 Ouzbékistan Djamolidine Abdoujaparov
41%
2002 Australie Robbie McEwen
41%
2004 Australie Robbie McEwen
41%
2006 Australie Robbie McEwen
41%
2007 Belgique Tom Boonen
41%
2010 Italie Alessandro Petacchi
31%
1959 France André Darrigade
25%
1961 France André Darrigade
25%
1954 Suisse Ferdi Kübler
19%
1976 Belgique Freddy Maertens
19%
1978 Belgique Freddy Maertens
19%
1981 Belgique Freddy Maertens
19%
1964 Pays-Bas Jan Janssen
19%
1965 Pays-Bas Jan Janssen
19%
1967 Pays-Bas Jan Janssen
19%
1955 Belgique Stan Ockers
16%
1956 Belgique Stan Ockers
16%
2003 Australie Baden Cooke
13%
1990 Allemagne de l'Est Olaf Ludwig
13%
1986 Belgique Eddy Vanderaerden
9%
1973 Belgique Herman Van Springel
9%
1963 Belgique Rik Van Looy
9%
1968 Italie Franco Bitossi
6%
1958 France Jean Graczyk
6%
1960 France Jean Graczyk
6%
1962 Allemagne de l'Ouest Rudi Altig
6%
1988 Belgique Eddy Planckaert
3%
1984 Belgique Frank Hoste
3%
1977 France Jacques Esclassan
3%
1957 France Jean Forestier
3%
1987 Pays-Bas Jean-Paul van Poppel
3%
1975 Belgique Rik Van Linden
3%
1970 Belgique Walter Godefroot
3%
1966 Belgique Willy Planckaert
3%
1953 Suisse Fritz Schaer
0%
1974 Belgique Patrick Sercu
0%
1980 Belgique Rudy Pevenage
0%
Aucun quiz correspondant
Distribution des résultats
% des personnes avec chaque résultat
Percentile par nombre de réponses
Votre historique - résultats
Vous n’avez pas pris ce quiz depuis la dernière actualisation